Analysis and interpretation of on farm experimentation. Vol III
Saved in:
| Format: | Book |
|---|---|
| Language: | Undetermined |
| Published: |
Florida
FSSP(Farming Systems Support Project)
1987
|
| Subjects: | |
| Tags: |
Add Tag
No Tags, Be the first to tag this record!
|
| Institutions: | Trung tâm Học liệu Trường Đại học Cần Thơ |
|---|
| LEADER | 00515nam a2200157Ia 4500 | ||
|---|---|---|---|
| 001 | CTU_30065 | ||
| 008 | 210402s9999 xx 000 0 und d | ||
| 082 | |a 630 | ||
| 082 | |b F233/a | ||
| 245 | 0 | |a Analysis and interpretation of on farm experimentation. Vol III | |
| 260 | |a Florida | ||
| 260 | |b FSSP(Farming Systems Support Project) | ||
| 260 | |c 1987 | ||
| 650 | |a agricultural extension research,agriculture - experimentation | ||
| 904 | |i Liên, 990226 | ||
| 980 | |a Trung tâm Học liệu Trường Đại học Cần Thơ | ||